ARRUPE JESUIT UNIVERSITY

CORONAVIRUS -STOP THE SPREAD - CLEAN,DISINFECT,COVER

Death of the last republic (Record no. 119295)

MARC details
000 -LEADER
fixed length control field 00411nam a22001337a 4500
008 - FIXED-LENGTH DATA ELEMENTS--GENERAL INFORMATION
fixed length control field 131216b xxu||||| |||| 00| 0 eng d
050 ## - LIBRARY OF CONGRESS CALL NUMBER
Classification number SPC DT930.G5
100 ## - MAIN ENTRY--PERSONAL NAME
Personal name Gibbs, Peter
9 (RLIN) 5805
245 ## - TITLE STATEMENT
Title Death of the last republic
Remainder of title The tgory of the Anglo-Boer war
260 ## - PUBLICATION, DISTRIBUTION, ETC. (IMPRINT)
Place of publication, distribution, etc London
Name of publisher, distributor, etc Frederick Muller Ltd.
Date of publication, distribution, etc 1957
300 ## - PHYSICAL DESCRIPTION
Extent 302p.
Dimensions 22cm
650 ## - SUBJECT ADDED ENTRY--TOPICAL TERM
Topical term or geographic name as entry element South African War 1899-1902
9 (RLIN) 5806
942 ## - ADDED ENTRY ELEMENTS (KOHA)
Source of classification or shelving scheme Library of Congress Classification
Item type Monograph ( Printed materials)
Holdings
Withdrawn status Lost status Source of classification or shelving scheme Damaged status Not for loan Home library Current library Date acquired Total Checkouts Full call number Barcode Date last seen Price effective from Koha item type Collection code Shelving location Copy number
    Library of Congress Classification     ARRUPE LIBRARY ARRUPE LIBRARY 16/12/2013   SPC DT930.G5 464122667 16/12/2013 16/12/2013 Monograph ( Printed materials)      
    Library of Congress Classification     ARRUPE LIBRARY ARRUPE LIBRARY 02/04/2014   SPC DT930.G5 46500002072 02/04/2014 02/04/2014 Monograph ( Printed materials) SPECIAL Collection Main Collection 2

 

Arrupe Library. PO Box MP320 Mt Pleasant, Harare, Zimbabwe
263 242 745411|librarian@aju.ac.zw